000 00198nam a22000977a 4500
008 210707s2003 xx 000 0 und d
041 _aeng
082 _a052 RAKN
245 _aRakno
260 _c2003
999 _c179302
_d179302